000 005840000a22001690004500
090 _aAR
_b00917
245 1 0 _aPresentación de casos: primer caso de ciguatera en el Caribe colombiano por Seriola zonata (<Mitchill, 1815>) (<Pisces: Carangidae>)
650 1 4 _aCiguatera
_994104
650 1 4 _aPeces
_992349
650 1 4 _aContaminación
_992850
651 4 _mSanta Marta
_dMagdalena
_pColombia
_992749
653 _gSeriola
_eSeriola zonata
_vmedregal quimeque
041 0 _aEspañol
100 1 _aAlvarez, Ricardo
_94610
942 _cARTICULO
773 1 _tBiomédica
_3195
_h17
_q67-68
_d1997
999 _c10005
_d10005